Temor y temblor

Guardat en:
Dades bibliogràfiques
Altres autors: Grinberg, Jaime (traductor)
Format: Llibre
Idioma:espanyol
Publicat: Buenos Aires Losada 1947
Edició:1a. ed
Col·lecció:Biblioteca filosófica
Matèries:
Etiquetes: Afegir etiqueta
Sense etiquetes, Sigues el primer a etiquetar aquest registre!

MARC

LEADER 00000cam a2200000 a 4500
001 UCZ1941
003 CL-VaPUC
005 20231107103820.0
008 950915e19470000AG |||||||||||||||||spa|d
999 |c 238611  |d 238609 
040 |c Pontificia Universidad Católica de Valparaíso 
082 0 4 |a 142.7  |b KIE  |2 21 
245 1 0 |a Temor y temblor 
250 |a 1a. ed 
260 |a Buenos Aires  |b Losada  |c 1947 
300 |a 143 p 
490 0 |a Biblioteca filosófica 
583 |a last modification  |c 20140929 11:36:49  |k Rodrigo Vera 
650 0 |a Existencialismo  |9 265698 
650 0 |a Estructuralismo  |9 265696 
650 0 |a Filosofía danesa  |9 266957 
700 1 |a Grinberg, Jaime  |e traductor  |9 863714 
942 |c BK  |2 ddc 
945 |d 19950915 00:00:00  |a lriquelm 
952 |0 0  |1 0  |2 ddc  |4 0  |6 142_700000000000000_KIE_1947  |7 0  |8 P  |9 248915  |a BIBEDU  |b BIBEDU  |c BIBEDU_PB  |d 2019-11-18  |i 1563467  |l 2  |o 142.7 KIE 1947  |p 1563467  |r 2024-01-25  |s 2023-10-10  |w 2019-11-18  |y BK_P  |k FIL 
952 |0 0  |1 0  |2 ddc  |4 0  |6 142_700000000000000_KIE_1947  |7 0  |8 A  |9 248916  |a BIBARQ  |b BIBARQ  |c PAC  |d 2019-11-18  |i 3437434  |o 142.7 KIE 1947  |p 3437434  |r 2025-01-20  |w 2019-11-18  |y BK  |k ARQ 
952 |0 0  |1 0  |3 erd  |4 0  |6 142_700000000000000_KIE_1947  |7 0  |8 P  |9 248917  |a BIBTEO  |b BIBTES  |c TEO_FTES  |i 499941K  |o 142.7 KIE 1947  |p 499941K  |r 2024-01-18  |w 2019-11-18  |y BK  |z Catalogado en:20141009  |k ICR 
952 |0 0  |1 0  |2 ddc  |3 erb  |4 0  |6 142_700000000000000_KIE_1947  |7 0  |8 P  |9 248918  |a BIBEDU  |b BIBEDU  |c BIBEDU_PB  |e Villagrán Garnham, Jorge  |i 5171067  |l 2  |o 142.7 KIE 1947  |p 5171067  |r 2024-01-25  |s 2023-10-10  |w 2019-11-18  |y BK_P  |z Catalogado en:20150423  |k FIL